000 00797nas a2200265 4500
001 BR0808263
003 BR-BrBNA
005 20231205112828.0
007 ta
008 230509b bl.|||p| |||| 00| 00por d
040 _aBR-BrBNA
_bpor
_cBiblioteca Nacional de Agricultura
041 _a(Pt)
072 _aH10
100 1 _aReis, E.M.
100 1 _aBlum, M.M.C.
100 1 _aCasa, R.T.
245 1 _aControle químico de Gibberella zeae em trigo, um problema de deposição de fungicidas em anteras.
650 _aTRIGO
650 _aFUNGO
650 _aPRAGA DE PLANTA
650 _aCONTROLE QUÍMICO
773 0 _tSumma Phytopathologica (Brazil)
_xISSN 0100-5405
_g(Jan-Mar 1996), v. 20(1) p. 39-42
_wBR0808263
909 _a202311
_bLúcia
_c55
_dLúcia Elande
942 _2AGRIS
_n0
_cANA
999 _c200238
_d200238